| 000 -LEADER |
| fixed length control field |
00809nam a2200253Ia 4500 |
| 001 - CONTROL NUMBER |
| control field |
7714 |
| 003 - CONTROL NUMBER IDENTIFIER |
| control field |
GE_BSU |
| 005 - DATE AND TIME OF LATEST TRANSACTION |
| control field |
20221116114520.0 |
| 008 - FIXED-LENGTH DATA ELEMENTS--GENERAL INFORMATION |
| fixed length control field |
181216s2001en xx |||||||||||||| ||eng|| |
| 020 ## - INTERNATIONAL STANDARD BOOK NUMBER |
| International Standard Book Number |
1852332360.x |
| 040 ## - CATALOGING SOURCE |
| Transcribing agency |
GE_BSU |
| 041 ## - LANGUAGE CODE |
| Language code of text/sound track or separate title |
eng |
| 080 ## - UNIVERSAL DECIMAL CLASSIFICATION NUMBER |
| Universal Decimal Classification number |
510.22 A-54 |
| 100 ## - MAIN ENTRY--PERSONAL NAME |
| Personal name |
Anderson,Ian. |
| 9 (RLIN) |
14674 |
| 245 #2 - TITLE STATEMENT |
| Title |
A First Course in Discrete Mathematics / |
| Statement of responsibility, etc. |
Ian Anderson, Advisory Board:P.J.cameron,M.A.J.Chaplain,and other. |
| 264 ## - PRODUCTION, PUBLICATION, DISTRIBUTION, MANUFACTURE, AND COPYRIGHT NOTICE |
| Place of production, publication, distribution, manufacture |
London: |
| Name of producer, publisher, distributor, manufacturer |
Springer, |
| Date of production, publication, distribution, manufacture, or copyright notice |
2002. |
| 300 ## - PHYSICAL DESCRIPTION |
| Extent |
200 p; |
| Dimensions |
23 cm. |
| 440 ## - SERIES STATEMENT/ADDED ENTRY--TITLE |
| Title |
Springer Undergraduate Mathematics Series. |
| 9 (RLIN) |
14675 |
| 653 ## - INDEX TERM--UNCONTROLLED |
| keyword |
A First Course in Discrete Mathematics |
| 653 ## - INDEX TERM--UNCONTROLLED |
| keyword |
მათემატიკა |
| 700 ## - ADDED ENTRY--PERSONAL NAME |
| Personal name |
Cameron, P.J |
| Relator term |
Advisory Board |
| 9 (RLIN) |
14676 |
| 700 ## - ADDED ENTRY--PERSONAL NAME |
| Personal name |
Chaplain, ,M.A.J |
| Relator term |
Advisory Board |
| 9 (RLIN) |
14677 |
| 942 ## - ADDED ENTRY ELEMENTS (KOHA) |
| Koha item type |
წიგნი |
| Source of classification or shelving scheme |
|